000 00590cam a2200217 4500
008 020917n2001 000 0 eng u
020 _a1860815278
035 _a(Sirsi) u119710
050 _a693.82
100 _aBailey, C.
245 _aSteel structures supporting composite floor slabs : design for fire
260 _aLondon
_bCRC
_c2001
300 _a12p.
_bill.
_c30cm.
490 _aBRE Digest
_v462
650 _aCOMPOSITE FLOORS
650 _aFIRE
650 _aFLOOR SLABS
650 _aSTEEL STRUCTURES
690 _aBUILT ENVIRONMENT-CONSTRUCTION DESIGN
942 _n0
999 _c102365
_d102365